000 00558nam a2200193Ia 4500
005 20250508154947.0
008 008 250505s9999 xx 000 0 eng d
037 _aBooks to be hide in OPAC
040 _aFEDL
_beng
_cFEDL
041 _aeng
_2eng
084 _a001.42, GLA
_qFEDL
100 _aGlaser Robert Ed.
_983694
245 0 _aTraining research and education
260 _aNew York, USA
_bJohn Wiley and Sons
_c1962
300 _avii, 596p.
650 _aResearch Methods
942 _cHB
_h001.42, GLA
999 _c1353146
_d1353146